000 00799na a2200265 4500
001 15831
003 MIRAKIL
005 20181213155004.0
008 160929b tu 000 0
020 _a9754053901
035 _a15831
040 _aMilas
_btur
_cTR-AnCHP
082 _a956.226
_bS16i 1993
090 _a956.226 S16i 1993
100 _aScognamillo, Giovanni
245 _aİstanbul gizemleri
_bBüyüler, yatırlar, inançlar
_cGiovanni Scognamillo
246 _aBüyüler, yatırlar, inançlar
260 _aİstanbul
_bAltın Kitaplar Yayınevi
_c1993
300 _a207 s.
_bres.
_c20 sm.
504 _aKaynakça var.
650 _aHalk inanışları
_zİstanbul
650 _aBüyü
_zİstanbul
651 _aİstanbul
_xSosyal yaşam ve gelenekler
_yTarih
942 _2ddc
_cBKS
999 _c4411
_d4411